La tía Tula

Сохранить в:
Библиографические подробности
Главный автор: Unamuno, Miguel de (Автор)
Формат:
Язык:испанский
Опубликовано: Buenos Aires Espasa Calpe 1952
Редактирование:5a. ed
Серии:Colección Austral, 122
Предметы:
Метки: Добавить метку
Нет меток, Требуется 1-ая метка записи!

MARC

LEADER 00000nam a2200000 a 4500
001 UCT4177
003 CL-VaPUC
008 961108e19520000AG |||||||||||||||||spa|d
082 0 4 |a 863  |b UNA  |2 21 
100 0 |a Unamuno, Miguel de  |e author  |9 312478 
245 1 3 |a La tía Tula 
250 |a 5a. ed 
300 |a 146 p 
942 |c BK 
945 |d 19961108 00:00:00  |a rleighto 
260 |a Buenos Aires  |b Espasa Calpe  |c 1952 
650 0 |a Novelas españolas  |9 265052 
583 |a last modification  |c 19961108 00:00:00  |k Rodrigo Vera 
490 0 |a Colección Austral, 122 
999 |c 253591  |d 253589 
952 |0 0  |1 0  |4 0  |6 863_000000000000000_UNA_1952  |7 0  |8 A  |9 274527  |a BIBEDU  |b BIBEDU  |d 2019-11-19  |i 3248755  |o 863 UNA 1952  |p 3248755  |r 2019-11-19  |w 2019-11-19  |y BK  |k EDU